00973nam a2200217 a 450000100100000000500170001000800410002704000250006810000250009324000540011824500840017225000110025626000530026730000210032049000530034159000750039470000310046983000600050095201780056099900170073800003527020200930074223.0111027s1965 mx 000 0 spa d aDO-SdBNPbspacBNPHU1 aLinton, Ralph96103114aThe cultural background of personalitylEspañol10aCultura y personalidad /cRalph Linton ; versión española de Javier Romero. a5a ed. aMéxico :bFondo de Cultura Económica,c1965. a155 p. ;c17 cm.1 aBreviarios del Fondo de Cultura Económicav145 aPerteneció a la biblioteca personal de Juan Isidro Jimenes Grullón12aRomero, Javieretr.961032 0aBreviarios del Fondo de Cultura Económican145961033 001050718MOaGRbGRcCTd2011-10-27iLF1l0o p35270-10r2020-06-25w2020-06-25y1zPerteneció a la biblioteca personal de Juan Isidro Jimenes Grullón.ZNo se presta c34761d34761